Quelles sont les 20 plus grandes villes de France - Statistiques

Statistiques générales
  • Ce quiz a été pris 189 fois
  • Le résultat moyen est 15 sur 20
Statistiques - réponses
Hint Réponse % Correct
1 Paris
100%
2 Marseille
98%
3 Lyon
97%
9 Bordeaux
94%
10 Lille
92%
5 Nice
92%
4 Toulouse
92%
8 Strasbourg
88%
6 Nantes
86%
11 Rennes
82%
7 Montpellier
81%
16 Grenoble
60%
17 Dijon
58%
14 Le Havre
58%
12 Reims
57%
15 Toulon
57%
13 Saint-Étienne
56%
18 Angers
53%
19 Nîmes
44%
20 Villeurbanne
29%
Aucun quiz correspondant
Distribution des résultats
% des personnes avec chaque résultat
Percentile par nombre de réponses
Votre historique - résultats
Vous n’avez pas pris ce quiz